| 000 | 00775nam a2200265 a 4500 | ||
|---|---|---|---|
| 001 | 000017420 | ||
| 003 | DO-SdBNP | ||
| 005 | 20240530073918.0 | ||
| 007 | ta | ||
| 008 | 100324s1973 dr r 000 f spa d | ||
| 040 |
_aDO-SdBNP _bspa _cBNPHU |
||
| 082 | 4 |
_aRD863.42 _bM358o, 1973 _222 |
|
| 100 | 1 |
_aMarrero Aristy, Ramón, _d1913-1959 _922324 |
|
| 245 | 1 | 0 |
_aOver : _bnovela / _cRamón Marrero Aristy. |
| 250 | _a5º ed. | ||
| 260 |
_aSanto Domingo : _bTaller, _c1973. |
||
| 300 |
_a224 p. ; _c21 cm. |
||
| 490 | 1 | _aBiblioteca taller | |
| 590 | _aInventariado, 2019 / DG | ||
| 650 | 0 |
_aNovela dominicana _9223 |
|
| 650 | 0 |
_aLiteratura dominicana. _967 |
|
| 830 | 0 |
_aBiblioteca taller _n14 _931998 |
|
| 910 | _aValidado. Control de calidad. MMOLINA | ||
| 942 |
_2ddc _cLBS1 |
||
| 999 |
_c16945 _d16945 |
||